The engine of reason, the seat of the soul : a philosophical journey into the brain

Αποθηκεύτηκε σε:
Λεπτομέρειες βιβλιογραφικής εγγραφής
Κύριος συγγραφέας: Churchland, Paul M. 1942-
Μορφή: Βιβλίο
Γλώσσα:English
Δημοσίευση: Cambridge, Mass. : MIT Press, c1995
Θέματα:
Ετικέτες: Προσθήκη ετικέτας
Δεν υπάρχουν, Καταχωρήστε ετικέτα πρώτοι!

MARC

LEADER 00000nam a2200000 i 4500
001 1/82682
008 080416s1995 eng d
020 |a 0-262-03224-4 (hb) 
020 |a 0-262-53142-9 (pb) 
035 |l 10096726 
040 |a GR-MY-UA  |b gre  |e aacr 
041 0 |a eng 
082 0 |a 612.8201  |2 (22) 
100 1 |a Churchland, Paul M.  |d 1942- 
245 1 4 |a The engine of reason, the seat of the soul :  |b a philosophical journey into the brain /  |c Paul M. Churchland 
260 |a Cambridge, Mass. :   |b MIT Press,   |c c1995 
300 |a xii, 329 σ.;  |b εικ.;  |c 26 εκ.+  |e 1 στερεοσκοπικός προβολέας 707 
504 |a Βιβλιογραφία: σ. [325]-326. Ευρετήριο 
650 0 0 |a Brain  |x Philosophy. 
650 0 0 |a Neurosciences  |x Philosophy. 
650 0 0 |a Cognition. 
852 |a INST  |b SYROS  |e 20080416  |h 612.8201 CHU  |p 005500006110  |q 005500006110  |t BK  |y 0 
901 |a BIBL5-2008-1 
909 |a Ε  |b 139800 
922 |a 5ΕΛΗ  |b 200710  |c ΕΠΕΑΕΚ2/ΤΜΣΠΣ  |d ΠΑΠΑΣΩΤΗΡΙΟΥ 
970 |a ΚΟΝΤΟΥ  |b ΠΑΡΑΣΚΕΥΗ  |z 2008/04/16